La Colombia de hoy sociología y sociedad

Este libro es un intento de demostrar no solamente que sí es posible hacer una sociología de la sociología en Colombia, sino que la disciplina no se encuentra en estado de hibernación, sino, al contrario, muy viva y actuante.

Na minha lista:
Detalhes bibliográficos
Outros Autores: Camacho G., Alvaro (comp.)
Formato: Livro
Idioma:Spanish
Publicado em: Bogotá: Fondo Editorial Cerec, 1986
Assuntos:
Acesso em linha:Enlace del recurso
Tags: Adicionar Tag
Sem tags, seja o primeiro a adicionar uma tag!

MARC

LEADER 00000nam a2200000 a 4500
001 001150
008 031024s1986 ck # fr# #000|0#spa#d
020 |a 958-9061-15-X 
041 0 |a spa 
043 |a s-ck--- 
082 0 4 |a 301.09861  |b C151c 
245 1 3 |a La Colombia de hoy  |b sociología y sociedad   |c Compilador Alvaro Camacho G. 
260 |a Bogotá:  |b Fondo Editorial Cerec,  |c 1986 
300 |a 263 p. 
520 3 |a Este libro es un intento de demostrar no solamente que sí es posible hacer una sociología de la sociología en Colombia, sino que la disciplina no se encuentra en estado de hibernación, sino, al contrario, muy viva y actuante. 
650 1 4 |a SOCIOLOGÍA  |z COLOMBIA 
650 1 4 |a SOCIEDAD 
700 1 |a Camacho G., Alvaro,  |e comp. 
999 |c 3302  |d 3302 
856 |u https://catalogo.idep.edu.co/cgi-bin/koha/opac-detail.pl?biblionumber=3302  |z Enlace del recurso